000 007590000a22001210004500
100 1 _aReimer, Haroldo
245 1 0 _aSobre pájaros y nidos - Mirada ecológica en leyes del Deuteronomio
300 _aNum. 39 (2001/2), Páginas 33 - 43
520 _aEl artículo busca trabajar algunos textos legales del libro del Deuteronomio en los cuales se encuentra una reflexión de carácter ecológico. Se trata de los textos de Deuteronomio 22: 6-7; 20: 19-20 y 23: 13-15, que serán relacionados con otros textos bíblicos y extra-bíblicos. Con eso se trata de promover, a partir de textos antiguos, esperanzas para problemas en la cotidianidad contemporánea.
650 1 4 _aECOLOGÍA
773 0 _tRevista de Interpretación Bíblica Latinoamericana
942 _cANA
999 _c52600
_d52600